Überzeugen und Durchsetzen Macht und Einfluss in Organisationen

Salvato in:
Dettagli Bibliografici
Autore principale: Kotter, John P.
Altri autori: Bischoff, Ursula
Natura: Libro
Lingua:tedesco
Pubblicazione: Frankfurt am Main Campus 1989
Edizione:2. Aufl.
Soggetti:
Tags: Aggiungi Tag
Nessun Tag, puoi essere il primo ad aggiungerne!!

MARC

LEADER 00000nam a2200000 4500
001 c011030
005 20221206131709.2
020 |a 3-593-33809-2 
041 0 |a ger 
044 |a DE 
245 1 0 |a Überzeugen und Durchsetzen  |b Macht und Einfluss in Organisationen  |c John P. Kotter ; [Z angl. prel.] Ursula Bischoff 
250 |a 2. Aufl. 
264 1 |a Frankfurt am Main  |b Campus  |c 1989 
300 |a 241 s. 
610 2 0 |a podnik 
610 2 0 |a pracovníci riadiaci 
610 2 0 |a manažéri 
610 2 0 |a spolupracovníci 
610 2 0 |a vzťahy pracovné 
610 2 0 |a vzťah k práci 
610 2 0 |a odbornosť 
610 2 0 |a schopnosti pracovné 
610 2 0 |a kariéra 
610 2 0 |a konflikty 
610 2 0 |a konkurencia 
610 2 0 |a vzťahy spoločenské 
610 2 0 |a organizácia 
100 1 |a Kotter, John P. 
700 1 |a Bischoff, Ursula